00452 2200169 4500001002100000005001500021008004100036020002200077035001900099041000800118082001600126090002200142100002400164245004000188260003000228300002400258INLIS00000000003240920241224133421241224||||||||| | ||| |||| ||sun|| a978-602-374-230-1 0010-1224032409 asun0 a398.2095822 a398.2095822 CHY m0 aChye Retty Isnendes00aMama Lurah Sakti jeung Ki Mandahong aBandungbYRAMA IDYAc2015 a23,5cm - 96 halaman